[Event "SK Weilheim 1-SC Garching 1"]
[Site "?"]
[Date "2021.10.24"]
[Round "1.1"]
[White "Koepke, Christian"]
[Black "Lehner, Oliver"]
[Result "0-1"]
[WhiteElo "2336"]
[BlackElo "2369"]
[PlyCount "110"]
[EventDate "2021.??.??"]
[WhiteTeam "SC Garching 1"]
[BlackTeam "SK Weilheim 1"]

1. e4 e5 2. Nc3 Nf6 3. d4 exd4 4. Qxd4 Nc6 5. Qd3 d5 6. Bf4 dxe4 7. Qxd8+ Nxd8
8. Bxc7 Bc5 9. O-O-O Nc6 10. Bb5 Bg4 11. f3 exf3 12. Nxf3 O-O 13. Bd6 Be3+ 14.
Kb1 Rfe8 15. Rhf1 a6 16. Bxc6 bxc6 17. h3 Be6 18. Nd4 Bc4 19. Rfe1 Bxd4 20.
Rxe8+ Rxe8 21. Rxd4 Bf1 22. b3 Bxg2 23. h4 h6 24. Ra4 Re6 25. Bc5 Bf1 26. Rf4
Bh3 27. Bd4 Nd7 28. Ne4 Bg2 29. Ng3 c5 30. Bf2 g6 31. Kb2 Re5 32. Kc3 f6 33.
Kd2 Kf7 34. a3 g5 35. hxg5 hxg5 36. Rf5 Rxf5 37. Nxf5 Ke6 38. Ne3 Be4 39. c4 f5
40. Nd1 f4 41. Nc3 Bc6 42. Ne2 Ke5 43. b4 Nf6 44. Nc3 cxb4 45. axb4 Ne4+ 46.
Nxe4 Kxe4 47. Ke2 g4 48. Bb6 g3 49. Bc7 Bd7 50. Kf1 Kf3 51. b5 axb5 52. cxb5
Bxb5+ 53. Kg1 Kg4 54. Ba5 f3 55. Be1 Bc4 {

[Event "SK Weilheim 1-SC Garching 1"]
[Site "?"]
[Date "2021.10.24"]
[Round "1.3"]
[White "Bredl, Harald"]
[Black "Deglmann, Ludwig"]
[Result "1/2-1/2"]
[WhiteElo "2268"]
[BlackElo "2227"]
[PlyCount "63"]
[EventDate "2021.??.??"]
[WhiteTeam "SC Garching 1"]
[BlackTeam "SK Weilheim 1"]

1. d4 f5 2. c4 Nf6 3. g3 g6 4. Bg2 Bg7 5. Nf3 O-O 6. O-O c6 7. Nc3 Na6 8. b3
Ne4 9. Bb2 d5 10. Ne5 Be6 11. cxd5 cxd5 12. f3 Nxc3 13. Bxc3 Rc8 14. Qd2 Nb8
15. e3 Nc6 16. Rac1 Qd6 17. f4 Rfd8 18. Rfd1 Bd7 19. Bf3 e6 20. Kg2 Be8 21. h3
Bf8 22. g4 Nxe5 23. dxe5 Qe7 24. gxf5 gxf5 25. Kh2 Kh8 26. Bd4 b6 27. Rg1 Bg6
28. Qf2 Qd7 29. h4 Ba3 30. Rcd1 Bf7 31. Kh3 Rg8 32. Rxg8+ {

[Event "SK Weilheim 1-SC Garching 1"]
[Site "?"]
[Date "2021.10.24"]
[Round "1.4"]
[White "de Francesco, Klaus"]
[Black "Schmitz, Thorsten"]
[Result "0-1"]
[WhiteElo "2193"]
[BlackElo "2251"]
[PlyCount "54"]
[EventDate "2021.??.??"]
[WhiteTeam "SK Weilheim 1"]
[BlackTeam "SC Garching 1"]

1. d4 c5 2. d5 d6 3. c4 g6 4. Nc3 Bg7 5. e4 e6 6. f4 Ne7 7. Nf3 exd5 8. cxd5
O-O 9. Bc4 Bg4 10. O-O Nd7 11. h3 Bxf3 12. Qxf3 a6 13. a4 Kh8 14. g4 f5 15.
exf5 gxf5 16. g5 b5 17. axb5 Nb6 18. Bb3 c4 19. Bc2 axb5 20. Rxa8 Qxa8 21. Nxb5
Nbxd5 22. Kh1 Qa6 23. Na3 Nb4 24. Qe2 Nec6 25. Bb1 Nd4 26. Qxc4 Qb7+ 27. Kh2
Rc8 {

[Event "SK Weilheim 1-SC Garching 1"]
[Site "?"]
[Date "2021.10.24"]
[Round "1.5"]
[White "Schlichtmann, Robin"]
[Black "Pierecker, Markus"]
[Result "1/2-1/2"]
[WhiteElo "2235"]
[BlackElo "2199"]
[PlyCount "95"]
[EventDate "2021.??.??"]
[WhiteTeam "SC Garching 1"]
[BlackTeam "SK Weilheim 1"]

1. e4 c6 2. d4 d5 3. f3 g6 4. Nc3 Bg7 5. Be3 dxe4 6. fxe4 Nf6 7. Nf3 O-O 8. Qd2
b5 9. a3 a6 10. Be2 Nbd7 11. e5 Nd5 12. Bh6 Nxc3 13. Bxg7 Kxg7 14. Qxc3 Nb6 15.
O-O Be6 16. b3 Bd5 17. Nd2 Rc8 18. Qe3 c5 19. dxc5 Nd7 20. b4 Qc7 21. c4 Bc6
22. e6 Qe5 23. Qxe5+ Nxe5 24. exf7 Rcd8 25. Rad1 Rxf7 26. cxb5 Bxb5 27. Bxb5
axb5 28. Nf3 Nxf3+ 29. gxf3 Rxd1 30. Rxd1 Rxf3 31. Rd7 Rxa3 32. Rxe7+ Kf6 33.
Rb7 Ke5 34. Rxb5 Ke4 35. Rb8 Rc3 36. Rb7 h5 37. Rg7 Rc4 38. Rxg6 Rxb4 39. Rg5
Rc4 40. Rxh5 Kf3 41. Rf5+ Kg4 42. Rd5 Kf3 43. Rd3+ Ke4 44. Rd8 Rxc5 45. Kg2 Kf4
46. Rd4+ Kg5 47. h4+ Kh5 48. Kg3 {

[Event "SK Weilheim 1-SC Garching 1"]
[Site "?"]
[Date "2021.10.24"]
[Round "1.6"]
[White "Tafertshofer, Matthias"]
[Black "Seifert, Volker"]
[Result "1/2-1/2"]
[WhiteElo "2081"]
[BlackElo "2243"]
[PlyCount "25"]
[EventDate "2021.??.??"]
[WhiteTeam "SK Weilheim 1"]
[BlackTeam "SC Garching 1"]

1. d4 e6 2. c4 Nf6 3. Nf3 b6 4. g3 Ba6 5. b3 Bb7 6. Bg2 Bb4+ 7. Bd2 a5 8. O-O
O-O 9. a3 Be7 10. Nc3 d5 11. cxd5 exd5 12. Bf4 Re8 13. Qc2 {

[Event "SK Weilheim 1-SC Garching 1"]
[Site "?"]
[Date "2021.10.24"]
[Round "1.7"]
[White "Schimpf, Markus"]
[Black "Gruber, Michael"]
[Result "1-0"]
[WhiteElo "2223"]
[BlackElo "2090"]
[PlyCount "69"]
[EventDate "2021.??.??"]
[WhiteTeam "SC Garching 1"]
[BlackTeam "SK Weilheim 1"]

1. d4 f5 2. Bg5 g6 3. Nc3 Bg7 4. h4 d5 5. h5 h6 6. Bh4 g5 7. Bg3 c5 8. e3 cxd4
9. exd4 Nc6 10. Bb5 f4 11. Bh2 Nf6 12. g3 Bg4 13. Qd3 f3 14. Nxf3 Bxf3 15. Qxf3
O-O 16. Qe3 Nxh5 17. Qe6+ Kh8 18. O-O-O Nf6 19. f4 Qc8 20. Qe2 Qg4 21. Qe3 e6
22. Be2 Qf5 23. Bd3 Qg4 24. Rdf1 Nb4 25. Kb1 Nxd3 26. Qxd3 a6 27. Bg1 Nh5 28.
Ne2 Rf5 29. Be3 Raf8 30. Rfg1 R5f7 31. fxg5 hxg5 32. Qg6 Kg8 33. Rxh5 Rf1+ 34.
Rxf1 Rxf1+ 35. Nc1 {

[Event "SK Weilheim 1-SC Garching 1"]
[Site "?"]
[Date "2021.10.24"]
[Round "1.8"]
[White "Kobold, Jonathan"]
[Black "Werner, Denis"]
[Result "0-1"]
[WhiteElo "1866"]
[BlackElo "2007"]
[PlyCount "56"]
[EventDate "2021.??.??"]
[WhiteTeam "SK Weilheim 1"]
[BlackTeam "SC Garching 1"]

1. e4 c5 2. c3 d5 3. exd5 Qxd5 4. d4 Nf6 5. dxc5 Qxc5 6. Be2 e5 7. Nf3 Qc7 8.
Bg5 Be7 9. Bb5+ Nc6 10. Qe2 O-O 11. Bxc6 bxc6 12. Qxe5 Bd6 13. Qd4 Re8+ 14. Be3
Ba6 15. Nbd2 Rad8 16. O-O-O Nd5 17. Qxa7 Qa5 18. Qd4 Qxa2 19. Nb1 Nxe3 20. fxe3
Ba3 21. Nxa3 Rxd4 22. Rxd4 Rb8 23. Rd2 Qa1+ 24. Nb1 Bd3 25. Rxd3 Qxb2+ 26. Kd1
Qxb1+ 27. Ke2 Qxh1 28. Kf2 g5 {

[Event "TSV Trostberg 1-SC Groebenzell 1"]
[Site "?"]
[Date "2021.10.24"]
[Round "1.1"]
[White "Schuster, Karsten"]
[Black "Hinterreiter, Markus"]
[Result "1/2-1/2"]
[WhiteElo "2285"]
[BlackElo "2177"]
[PlyCount "94"]
[EventDate "2021.??.??"]
[WhiteTeam "SC Gröbenzell 1"]
[BlackTeam "TSV Trostberg 1"]

1. d4 d5 2. c4 c6 3. cxd5 cxd5 4. Bf4 Nc6 5. e3 Nf6 6. Nc3 Bf5 7. Qb3 Na5 8.
Qa4+ Bd7 9. Qc2 e6 10. Bd3 Bb4 11. Nf3 Rc8 12. O-O Nh5 13. Bg5 f6 14. Bh4 g5
15. Bg3 g4 16. Nd2 Nxg3 17. fxg3 f5 18. a3 Bxc3 19. bxc3 Qc7 20. Rac1 b5 21.
Nb3 Nxb3 22. Qxb3 O-O 23. Qb4 Rb8 24. Rc2 a5 25. Qb2 Qd6 26. Qc1 Be8 27. Rf4
Rf7 28. Rff2 Rc7 29. Rf4 Kg7 30. Qa1 b4 31. axb4 axb4 32. cxb4 Rxc2 33. Bxc2
Qxb4 34. Rf2 Rb5 35. Bd3 Ra5 36. Qc1 Bf7 37. Bf1 Ra3 38. Rb2 Qa5 39. e4 Qa7 40.
Qg5+ Bg6 41. Rb4 dxe4 42. Qf4 Ra5 43. Rc4 e5 44. Qc1 Ra1 45. Rc7+ Kh8 46. Rc8+
Kg7 47. Rc7+ Kh8 {

[Event "TSV Trostberg 1-SC Groebenzell 1"]
[Site "?"]
[Date "2021.10.24"]
[Round "1.2"]
[White "Huch, Reiner"]
[Black "Hoy, Bernd"]
[Result "1-0"]
[WhiteElo "2252"]
[BlackElo "2177"]
[PlyCount "55"]
[EventDate "2021.??.??"]
[WhiteTeam "TSV Trostberg 1"]
[BlackTeam "SC Gröbenzell 1"]

1. d4 g6 2. c4 Bg7 3. Nc3 d6 4. e4 c6 5. h3 a6 6. Be3 b5 7. Nf3 b4 8. Na4 Nd7
9. Be2 Qc7 10. c5 Ngf6 11. Qc2 Qa5 12. O-O dxc5 13. Nxc5 Nxc5 14. dxc5 O-O 15.
Nd4 Qc7 16. a3 Rb8 17. axb4 Rxb4 18. Bxa6 e5 19. Nf3 Bxa6 20. Rxa6 Nxe4 21. Rb6
Rb8 22. Ne1 Nf6 23. Nd3 Rb5 24. Ra1 Nd5 25. Rxb5 Rxb5 26. Ra8+ Rb8 27. Qa4 Rd8
28. Qxc6 {

[Event "TSV Trostberg 1-SC Groebenzell 1"]
[Site "?"]
[Date "2021.10.24"]
[Round "1.3"]
[White "Pieper, Thomas"]
[Black "Kern, Johannes"]
[Result "1/2-1/2"]
[WhiteElo "2213"]
[BlackElo "2184"]
[PlyCount "146"]
[EventDate "2021.??.??"]
[WhiteTeam "SC Gröbenzell 1"]
[BlackTeam "TSV Trostberg 1"]

1. e4 d6 2. d4 Nf6 3. Nc3 e5 4. Nf3 exd4 5. Nxd4 Be7 6. Be2 O-O 7. Bf4 Re8 8.
O-O Bf8 9. Bf3 Nbd7 10. g3 Ne5 11. Bg2 c6 12. h3 Bd7 13. g4 b5 14. Re1 b4 15.
Nb1 Qb6 16. g5 Ng6 17. Bh2 Nd5 18. Ne2 Nc7 19. Nd2 d5 20. a4 a5 21. Bg3 Rad8
22. exd5 cxd5 23. Nb3 Ne6 24. Qxd5 Nc5 25. Nxc5 Bxc5 26. Qb7 Qxb7 27. Bxb7 Bxh3
28. Nf4 Bf5 29. c3 Ne5 30. Rad1 Bb6 31. Rxd8 Bxd8 32. Kg2 Bd7 33. cxb4 axb4 34.
Nh3 Nd3 35. Rxe8+ Bxe8 36. b3 Bd7 37. Bd6 Be6 38. f4 Bxb3 39. Be4 Nc1 40. Bxb4
Bxa4 41. Nf2 Ne2 42. Bd6 Nd4 43. Nd3 Bc6 44. Bxc6 Nxc6 45. Kf3 Be7 46. Bc7 Kf8
47. Kg4 Ke8 48. f5 Kd7 49. Bf4 Bd6 50. Be3 Ne7 51. Bd4 g6 52. fxg6 hxg6 53. Ne1
Ke6 54. Nf3 Nf5 55. Bf2 Kd5 56. Ba7 Bc5 57. Bxc5 Kxc5 58. Kf4 Kd5 59. Ne5 Nd6
60. Nf3 Nc4 61. Nh2 Ne5 62. Ke3 Nc6 63. Nf3 Nd8 64. Kf4 Ne6+ 65. Ke3 Kd6 66.
Ke4 Nc5+ 67. Kd4 Nb3+ 68. Ke4 Ke6 69. Nh2 Nc5+ 70. Kf4 Kd5 71. Nf3 Ne6+ 72. Ke3
Kc5 73. Kd3 Kd5 {

[Event "TSV Trostberg 1-SC Groebenzell 1"]
[Site "?"]
[Date "2021.10.24"]
[Round "1.4"]
[White "Sabljov, Stevan"]
[Black "Grawe, Christian"]
[Result "0-1"]
[WhiteElo "2013"]
[BlackElo "2209"]
[PlyCount "80"]
[EventDate "2021.??.??"]
[WhiteTeam "TSV Trostberg 1"]
[BlackTeam "SC Gröbenzell 1"]

1. Nf3 d5 2. g3 Bg4 3. Bg2 Nd7 4. O-O Ngf6 5. d3 c6 6. Nbd2 e5 7. h3 Bh5 8. c3
a5 9. Qc2 Bc5 10. Nxe5 Nxe5 11. d4 Bg6 12. e4 dxe4 13. Nxe4 Nxe4 14. Bxe4 Nf3+
15. Kg2 Nxd4 16. cxd4 Qxd4 17. Bxg6 hxg6 18. Rd1 Qb4 19. Bd2 Qb6 20. Re1+ Kf8
21. Bc3 Rh5 22. Re4 Rf5 23. Rf1 Rd8 24. Rh4 Kg8 25. Qc1 Bf8 26. Re4 Qb5 27. g4
Rfd5 28. Rfe1 Rd3 29. Re5 R3d5 30. R5e4 b6 31. Qf4 c5 32. Qc7 R5d7 33. Qf4 Qc6
34. f3 Rd3 35. R4e3 c4 36. a3 Qa4 37. Re4 Rc8 38. Rc1 b5 39. h4 Qb3 40. Bxa5
Qxb2+ {

[Event "TSV Trostberg 1-SC Groebenzell 1"]
[Site "?"]
[Date "2021.10.24"]
[Round "1.5"]
[White "Kaunzinger, Albert"]
[Black "Moser, Wolfgang"]
[Result "1-0"]
[WhiteElo "2203"]
[BlackElo "1972"]
[PlyCount "51"]
[EventDate "2021.??.??"]
[WhiteTeam "SC Gröbenzell 1"]
[BlackTeam "TSV Trostberg 1"]

1. Nc3 d5 2. e4 d4 3. Nce2 c5 4. Ng3 e5 5. Bc4 Nf6 6. Nf3 Bd6 7. d3 O-O 8. O-O
Be6 9. Bb3 Nc6 10. Ng5 Bxb3 11. axb3 Ne7 12. f4 exf4 13. Bxf4 Ng6 14. Bxd6 Qxd6
15. Nf5 Qc7 16. Qf3 Ne5 17. Qg3 Nh5 18. Qh4 f6 19. Ne6 Qf7 20. Nxf8 Kxf8 21. g4
Nf4 22. Rxf4 g5 23. Qh6+ Kg8 24. Nd6 Qd7 25. Rxf6 Qxg4+ 26. Kh1 {

[Event "TSV Trostberg 1-SC Groebenzell 1"]
[Site "?"]
[Date "2021.10.24"]
[Round "1.6"]
[White "Penn, Peter"]
[Black "Kempter, Ronald"]
[Result "0-1"]
[WhiteElo "1903"]
[BlackElo "2178"]
[PlyCount "44"]
[EventDate "2021.??.??"]
[WhiteTeam "TSV Trostberg 1"]
[BlackTeam "SC Gröbenzell 1"]

1. d4 Nf6 2. c4 c5 3. d5 b5 4. cxb5 a6 5. bxa6 g6 6. Nc3 Bxa6 7. Nf3 d6 8. g3
Bg7 9. Bg2 O-O 10. O-O Nbd7 11. h3 Nb6 12. Re1 Nfd7 13. Kh2 Ra7 14. e4 Qa8 15.
Qc2 Nc4 16. Rd1 Qb7 17. Ne1 Rb8 18. Nd3 Qc7 19. Bf1 Qa5 20. Kg2 Rab7 21. Bd2
Nxd2 22. Rxd2 c4 {

[Event "TSV Trostberg 1-SC Groebenzell 1"]
[Site "?"]
[Date "2021.10.24"]
[Round "1.7"]
[White "Shahin, Walid"]
[Black "Huber, Hans"]
[Result "1/2-1/2"]
[WhiteElo "2104"]
[BlackElo "1881"]
[PlyCount "132"]
[EventDate "2021.??.??"]
[WhiteTeam "SC Gröbenzell 1"]
[BlackTeam "TSV Trostberg 1"]

1. d4 Nf6 2. c4 g6 3. Nc3 Bg7 4. e4 d6 5. Be2 O-O 6. Be3 e5 7. d5 Ne8 8. g4 f5
9. gxf5 gxf5 10. Nf3 f4 11. Bd2 Nd7 12. Qc2 a5 13. O-O-O Nc5 14. Rdg1 Kh8 15.
h4 Bh6 16. Ng5 Qe7 17. Rh2 Bd7 18. Qd1 Nf6 19. Bf3 c6 20. Kb1 cxd5 21. Nxd5
Nxd5 22. cxd5 b5 23. Qe2 b4 24. Bg4 Rab8 25. Bxd7 Nxd7 26. Qh5 Rf6 27. Rhg2 Qe8
28. Qe2 Nc5 29. f3 Qd7 30. Be1 Rg6 31. Bf2 Rc8 32. Bxc5 Rxc5 33. Ne6 Rc8 34.
Rxg6 hxg6 35. Rxg6 Kh7 36. Rg1 Qe7 37. Ng5+ Bxg5 38. Rxg5 Rg8 39. Qh2 Rg6 40.
Qh3 Kg7 41. Rxg6+ Kxg6 42. h5+ Kh7 43. Qf5+ Kg7 44. Qg6+ Kf8 45. Qg4 Qf6 46.
Kc2 a4 47. Kd3 Qe7 48. Qc8+ Kg7 49. Kc4 Qa7 50. Kb5 Qf2 51. Qd7+ Kg8 52. Qxd6
Qxb2 53. Kxa4 Qxa2+ 54. Kxb4 Qb2+ 55. Kc5 Qc3+ 56. Kb6 Qxf3 57. Qxe5 Qe3+ 58.
Kc7 f3 59. Qg3+ Kf8 60. h6 Qa7+ 61. Kc6 f2 62. Qd6+ Qe7 63. Qxe7+ Kxe7 64. h7
f1=Q 65. h8=Q Qc4+ 66. Kb6 Qb4+ {

[Event "TSV Trostberg 1-SC Groebenzell 1"]
[Site "?"]
[Date "2021.10.24"]
[Round "1.8"]
[White "Steinberg, Sven"]
[Black "Scheckenbach, Franz"]
[Result "0-1"]
[WhiteElo "1863"]
[BlackElo "2039"]
[PlyCount "78"]
[EventDate "2021.??.??"]
[WhiteTeam "TSV Trostberg 1"]
[BlackTeam "SC Gröbenzell 1"]

1. e4 c5 2. c3 d6 3. d4 Nf6 4. Bd3 cxd4 5. cxd4 g6 6. h3 Bg7 7. Nf3 O-O 8. O-O
Nc6 9. Nc3 a6 10. a4 b6 11. Be3 Bb7 12. Rc1 Nb4 13. Bb1 Rc8 14. Qd2 a5 15. Bh6
d5 16. Bxg7 Kxg7 17. e5 Ne4 18. Qe3 f5 19. exf6+ exf6 20. Rfe1 Re8 21. Qf4 Nd6
22. Rxe8 Nxe8 23. Re1 Nd6 24. Qe3 Qe8 25. Qf4 Qd7 26. Qd2 Bc6 27. b3 Bb7 28.
Bd3 Nxd3 29. Qxd3 Ne4 30. Nb5 Ba6 31. Nd2 Rc3 32. Qe2 Rc2 33. Rd1 Bxb5 34. axb5
Nc3 35. Qd3 Qf5 36. Qe3 Nxd1 37. Qe7+ Kh6 38. Nf3 Nxf2 39. Qf8+ Kh5 {[Event
"SG Post/Sued Regensburg Pang-Rosenheim} 0-1

[Event "SG Post/Sued Regensburg 1-SG Pang-Rosen"]
[Site "?"]
[Date "2021.10.24"]
[Round "1.1"]
[White "Marcelin, Cyril"]
[Black "Schmid, Roland"]
[Result "1-0"]
[WhiteElo "2398"]
[BlackElo "2309"]
[PlyCount "79"]
[EventDate "2021.??.??"]
[WhiteTeam "SG Pang-Rosenheim 1"]
[BlackTeam "SG Post/Süd Regensburg 1"]

1. e4 d6 2. d4 Nf6 3. Nd2 e5 4. c3 g6 5. Ngf3 exd4 6. cxd4 Bg7 7. Bd3 O-O 8.
O-O c5 9. d5 Re8 10. Re1 b6 11. Rb1 Ba6 12. Qc2 Bxd3 13. Qxd3 Qd7 14. b3 b5 15.
a4 bxa4 16. bxa4 Qxa4 17. Nc4 Qd7 18. Bf4 Bf8 19. h3 Nh5 20. Bh2 Rd8 21. Qa3
Qc7 22. Nb6 axb6 23. Qxa8 Nf6 24. e5 Ne8 25. e6 fxe6 26. dxe6 Nc6 27. Qa6 Nb4
28. Qc4 Be7 29. Ng5 Qb7 30. Nf7 Ra8 31. Bxd6 Bxd6 32. Qc3 Kf8 33. Nxd6 Nxd6 34.
Qh8+ Ke7 35. Qg7+ Ke8 36. Qg8+ Ke7 37. Qg7+ Ke8 38. e7 Nd5 39. Rbd1 Nxe7 40.
Rxd6 {

[Event "SG Post/Sued Regensburg 1-SG Pang-Rosen"]
[Site "?"]
[Date "2021.10.24"]
[Round "1.2"]
[White "Loos, Roland"]
[Black "Kreisl, Robert"]
[Result "1/2-1/2"]
[WhiteElo "2314"]
[BlackElo "2414"]
[PlyCount "34"]
[EventDate "2021.??.??"]
[WhiteTeam "SG Post/Süd Regensburg 1"]
[BlackTeam "SG Pang-Rosenheim 1"]

1. d4 d5 2. c4 dxc4 3. e4 Nf6 4. e5 Nd5 5. Bxc4 Nb6 6. Bb3 Nc6 7. Ne2 Bf5 8.
Nbc3 e6 9. Be3 Nb4 10. O-O Be7 11. Ng3 Bg6 12. Qf3 N4d5 13. Rac1 c6 14. Rfd1
O-O 15. Nge4 Nd7 16. Nxd5 cxd5 17. Nd6 Qb6 {

[Event "SG Post/Sued Regensburg 1-SG Pang-Rosen"]
[Site "?"]
[Date "2021.10.24"]
[Round "1.3"]
[White "Blaskowski, Johannes"]
[Black "Quast, Michael"]
[Result "1-0"]
[WhiteElo "2249"]
[BlackElo "2295"]
[PlyCount "45"]
[EventDate "2021.??.??"]
[WhiteTeam "SG Pang-Rosenheim 1"]
[BlackTeam "SG Post/Süd Regensburg 1"]

1. e4 e5 2. Nf3 Nf6 3. Nxe5 d6 4. Nf3 Nxe4 5. d3 Nf6 6. Be2 Be7 7. O-O O-O 8.
Nc3 c5 9. d4 Nc6 10. h3 h6 11. Be3 Bf5 12. Bd3 Qd7 13. Re1 Rfe8 14. d5 Nb4 15.
Bb5 Qc7 16. Bxe8 Rxe8 17. Rc1 Ne4 18. Nxe4 Bxe4 19. Bd2 Bxd5 20. Bxb4 Bxf3 21.
Qxf3 cxb4 22. c3 Rc8 23. Qe3 {

[Event "SG Post/Sued Regensburg 1-SG Pang-Rosen"]
[Site "?"]
[Date "2021.10.24"]
[Round "1.4"]
[White "Pohl-Kuemmel, Jens-Uwe"]
[Black "Neuschmied, Siegfried"]
[Result "1/2-1/2"]
[WhiteElo "2213"]
[BlackElo "2224"]
[PlyCount "117"]
[EventDate "2021.??.??"]
[WhiteTeam "SG Post/Süd Regensburg 1"]
[BlackTeam "SG Pang-Rosenheim 1"]

1. Nf3 d5 2. d4 Nf6 3. c4 e6 4. Nc3 a6 5. cxd5 exd5 6. Bg5 c6 7. Qc2 Be6 8. e3
Bd6 9. Bd3 h6 10. Bh4 Nbd7 11. O-O O-O 12. Bg3 Bxg3 13. hxg3 Re8 14. Na4 Bg4
15. Nd2 Nf8 16. Nc5 Qc7 17. Rfe1 Re7 18. b4 Rae8 19. a4 Ne6 20. Qc3 Ng5 21. Nf1
Qc8 22. Nh2 Bf5 23. Rac1 Be4 24. Bf1 Rc7 25. Qb2 Ne6 26. b5 cxb5 27. Nxe4 Nxe4
28. axb5 axb5 29. Bxb5 Ree7 30. Nf3 Rxc1 31. Rxc1 Rc7 32. Rxc7 Qxc7 33. Bd3 Qc3
34. Qxc3 Nxc3 35. Kf1 Kf8 36. Ke1 Ke7 37. Kd2 Ne4+ 38. Bxe4 dxe4 39. Ne5 Nd8
40. Kc3 Kd6 41. Kc4 f6 42. Ng6 f5 43. d5 Nf7 44. Kd4 h5 45. Nf4 Ne5 46. Nxh5 g6
47. Nf4 b5 48. g4 b4 49. gxf5 gxf5 50. Ne6 b3 51. Kc3 Ng4 52. Kxb3 Kxd5 53.
Nf4+ Ke5 54. Nh3 Nf6 55. Kc4 Ng4 56. g3 Nh2 57. Kc5 Ng4 58. Kc6 Ke6 59. Kc5 {

[Event "SG Post/Sued Regensburg 1-SG Pang-Rosen"]
[Site "?"]
[Date "2021.10.24"]
[Round "1.5"]
[White "Duer, Werner"]
[Black "Hitzler, Philipp"]
[Result "0-1"]
[WhiteElo "2234"]
[BlackElo "2207"]
[PlyCount "86"]
[EventDate "2021.??.??"]
[WhiteTeam "SG Pang-Rosenheim 1"]
[BlackTeam "SG Post/Süd Regensburg 1"]

1. Nf3 Nf6 2. d4 d5 3. c4 c6 4. e3 Bf5 5. cxd5 cxd5 6. Nc3 a6 7. Bd2 Nc6 8. Be2
e6 9. Nh4 Be4 10. f3 Bg6 11. O-O Bd6 12. Nxg6 hxg6 13. g3 g5 14. Rc1 Rc8 15.
Kg2 e5 16. dxe5 Qd7 17. Rf2 Bxe5 18. Bf1 Bb8 19. Na4 Bxg3 20. Kxg3 Qd6+ 21. f4
Ne4+ 22. Kg2 Qh6 23. Kg1 Nxf2 24. Kxf2 Qh4+ 25. Ke2 Qxh2+ 26. Kd3 gxf4 27. Rc5
fxe3 28. Bxe3 d4 29. Qg4 Rd8 30. Qe4+ Kf8 31. Bf4 Qf2 32. Bg2 Kg8 33. Rxc6 bxc6
34. Qe7 Qh4 35. Bg5 Qg3+ 36. Kc4 Rf8 37. Be4 Rh5 38. Bd2 Qg4 39. Bb4 Rb8 40.
Nb6 Qe2+ 41. Kb3 Rh3+ 42. Bc3 Rxc3+ 43. bxc3 Rxb6+ {

[Event "SG Post/Sued Regensburg 1-SG Pang-Rosen"]
[Site "?"]
[Date "2021.10.24"]
[Round "1.6"]
[White "Wutz, Christoph"]
[Black "Maurer, Jochen"]
[Result "1/2-1/2"]
[WhiteElo "2134"]
[BlackElo "2184"]
[PlyCount "75"]
[EventDate "2021.??.??"]
[WhiteTeam "SG Post/Süd Regensburg 1"]
[BlackTeam "SG Pang-Rosenheim 1"]

1. e4 d6 2. d4 Nf6 3. Nc3 e5 4. Nf3 Nbd7 5. g4 Nxg4 6. Rg1 Ngf6 7. Bc4 h6 8.
Be3 c6 9. Qe2 Qa5 10. O-O-O b5 11. Bb3 Ba6 12. Qe1 b4 13. Ne2 c5 14. dxe5 dxe5
15. Nd2 Nb6 16. f4 Nfd7 17. fxe5 c4 18. e6 fxe6 19. Bxb6 Nxb6 20. Qg3 O-O-O 21.
Qh3 Qe5 22. Nf3 Rxd1+ 23. Rxd1 Qxe4 24. Ned4 cxb3 25. axb3 Be7 26. Nxe6 Kb7 27.
Re1 Qd5 28. Re5 Qd7 29. Qg2 Kb8 30. Nfd4 Bb7 31. Qxg7 Re8 32. Kb1 Bd6 33. Qf6
Bxe5 34. Qxe5+ Kc8 35. Qc5+ Kb8 36. Qe5+ Kc8 37. Qc5+ Kb8 38. Qe5+ {

[Event "SG Post/Sued Regensburg 1-SG Pang-Rosen"]
[Site "?"]
[Date "2021.10.24"]
[Round "1.7"]
[White "Wittmann, Matthias"]
[Black "Werner, Claus"]
[Result "1/2-1/2"]
[WhiteElo "2138"]
[BlackElo "2168"]
[PlyCount "111"]
[EventDate "2021.??.??"]
[WhiteTeam "SG Pang-Rosenheim 1"]
[BlackTeam "SG Post/Süd Regensburg 1"]

1. e4 e6 2. d4 d5 3. Nd2 c5 4. c3 Nc6 5. Ngf3 Nf6 6. Bd3 Be7 7. O-O dxe4 8.
Nxe4 cxd4 9. cxd4 O-O 10. Nc3 b6 11. a3 Bb7 12. Re1 a6 13. Bc2 Qd7 14. Na4 Qc7
15. Qd3 Rfd8 16. Bg5 g6 17. Rac1 Ng4 18. Be3 b5 19. Nc3 Na5 20. d5 Bxd5 21.
Nxd5 Rxd5 22. Qe4 Nxe3 23. Qxe3 Nc4 24. Be4 Rc5 25. Rxc4 bxc4 26. Bxa8 Qb8 27.
Be4 Qxb2 28. Nd4 c3 29. Nc2 Re5 30. Qf4 Bd6 31. Rf1 Kg7 32. Bd3 Rd5 33. Qc4 a5
34. Ne3 Rh5 35. Ng4 Qxa3 36. g3 Bc5 37. Rb1 Rd5 38. Rb5 h5 39. Be4 Rg5 40. Ne3
Bxe3 41. fxe3 Qc1+ 42. Kg2 Rxb5 43. Qxb5 Qxe3 44. Qc4 Kf6 45. Bd3 Qd2+ 46. Kh3
Kg7 47. Qd4+ Kg8 48. Qd8+ Kg7 49. Qd4+ f6 50. Qe4 f5 51. Qe5+ Kf7 52. Bc4 c2
53. Qxe6+ Kg7 54. Qf7+ Kh6 55. Qf8+ Kg5 56. Qe7+ {

[Event "SG Post/Sued Regensburg 1-SG Pang-Rosen"]
[Site "?"]
[Date "2021.10.24"]
[Round "1.8"]
[White "Gruber, Roland"]
[Black "Kobl, Rudolf"]
[Result "0-1"]
[WhiteElo "2123"]
[BlackElo "2096"]
[PlyCount "118"]
[EventDate "2021.??.??"]
[WhiteTeam "SG Post/Süd Regensburg 1"]
[BlackTeam "SG Pang-Rosenheim 1"]

1. e3 Nf6 2. Nf3 e6 3. c4 d5 4. b3 c6 5. Bb2 Bd6 6. Qc2 Nbd7 7. Nc3 O-O 8. Be2
Qe7 9. d3 Re8 10. O-O b6 11. cxd5 exd5 12. Rfe1 Ne5 13. Nb1 Bd7 14. Nbd2 Ng6
15. Bf1 Rac8 16. e4 dxe4 17. dxe4 Ne5 18. Nd4 Bc5 19. h3 Rcd8 20. Nf5 Bxf5 21.
exf5 Qc7 22. Ne4 Nxe4 23. Rxe4 Kf8 24. b4 Bd6 25. Rd1 f6 26. Rde1 Qd7 27. f4
Nf7 28. Bc4 Bxb4 29. Be6 Qd6 30. Rc1 Bc5+ 31. Kh1 Qd3 32. Qxd3 Rxd3 33. Rce1
Nd6 34. R4e2 Bd4 35. Bc1 Re7 36. Kh2 Bc3 37. Re3 Rxe3 38. Rxe3 Bd4 39. Ba3 c5
40. Rd3 Nb5 41. Bc1 Nc7 42. Bc8 Re1 43. Bd2 Re8 44. Bb7 Rd8 45. Kh1 Rd6 46. a4
Ke7 47. h4 Bf2 48. Rxd6 Kxd6 49. h5 h6 50. g4 Nd5 51. Kg2 Bd4 52. Kf3 Nc3 53.
Bxc3 Bxc3 54. Ke4 c4 55. Ba6 Kc5 56. Bb5 Bd2 57. Ba6 Kb4 58. Bb5 c3 59. Kd3 Kb3
{

[Event "TSV Kareth-Lappersdorf 1-SC NT Nuernber"]
[Site "?"]
[Date "2021.10.24"]
[Round "1.1"]
[White "Milov, Leonid"]
[Black "Heika, Martin"]
[Result "0-1"]
[WhiteElo "2427"]
[BlackElo "2239"]
[PlyCount "73"]
[EventDate "2021.??.??"]
[WhiteTeam "SC NT Nürnberg 1"]
[BlackTeam "TSV Kareth-Lappersdorf 1"]

1. e4 e6 2. d4 d5 3. Nd2 c5 4. Ngf3 Nc6 5. exd5 exd5 6. Bb5 Bd6 7. O-O Nge7 8.
dxc5 Bxc5 9. Nb3 Bd6 10. Bg5 O-O 11. Bh4 Bg4 12. Bg3 Ne5 13. Be2 Nc4 14. Qd4
Be6 15. Bxd6 Nf5 16. Qc3 Nfxd6 17. Bxc4 Nxc4 18. Nbd2 Nd6 19. Nd4 Qb6 20. Qd3
Rac8 21. Rab1 Bd7 22. c3 Rfe8 23. Qf3 Ne4 24. Nxe4 dxe4 25. Qg3 Bb5 26. Nxb5
Qxb5 27. Rfd1 Qc4 28. a3 Rcd8 29. h3 g6 30. Qe3 b6 31. Rd4 Rxd4 32. cxd4 Qc2
33. Rc1 Qxb2 34. Rc7 Qa1+ 35. Kh2 a6 36. Rb7 b5 37. d5 {

[Event "TSV Kareth-Lappersdorf 1-SC NT Nuernber"]
[Site "?"]
[Date "2021.10.24"]
[Round "1.2"]
[White "Klimpel, Thomas"]
[Black "Yelisieiev, Yevhenii"]
[Result "0-1"]
[WhiteElo "2051"]
[BlackElo "2437"]
[PlyCount "56"]
[EventDate "2021.??.??"]
[WhiteTeam "TSV Kareth-Lappersdorf 1"]
[BlackTeam "SC NT Nürnberg 1"]

1. Nf3 Nf6 2. g3 d6 3. d4 Nbd7 4. Bg2 e5 5. dxe5 dxe5 6. O-O Bc5 7. c3 a5 8.
Qa4 O-O 9. Qh4 Re8 10. b4 Bf8 11. Na3 axb4 12. cxb4 e4 13. Ng5 Bxb4 14. Nc2 Bc3
15. Rb1 Rxa2 16. Ne3 Nf8 17. Rd1 Ng6 18. Rxd8 Rxd8 19. Nxe4 Nxh4 20. Nxc3 Nxg2
21. Kxg2 Ra8 22. f3 c6 23. Nc4 Be6 24. Ne5 Nd7 25. Nd3 b5 26. Nb4 Rdc8 27. Ne4
Bf5 28. Bf4 Nc5 {